Kaleidoscopio de esta América nuestra /

Сохранить в:
Библиографические подробности
Главный автор: Gutiérrez T. Formoso, Alberto (autor)
Формат:
Язык:испанский
Опубликовано: Guadalajara, México : Ediciones Católicas de Guadalajara, 2000, c2000
Предметы:
Метки: Добавить метку
Нет меток, Требуется 1-ая метка записи!

MARC

LEADER 00000nam^a2200000^a^4500
001 000400858
005 20250521000000.0
009 20260310121630.554
037 |a Acervo ITESO - Biblioteca 
041 |a ESP 
082 |a 980.  |b GUT 
100 |a Gutiérrez T. Formoso, Alberto  |e (autor) 
245 1 0 |a Kaleidoscopio de esta América nuestra /  |c A. Gutiérrez T. Formoso ; presen. de Pedro Rodríguez González. 
246 2 |a Título en la cubierta: Kaleidoscopio de esta América nuestra: un recorrido por los colores, reflejos e ilusiones de nuestra realidad americana 
264 4 |a Guadalajara, México :  |b Ediciones Católicas de Guadalajara,  |c 2000, c2000 
300 |a 207 p. 
336 |a texto  |b txt  |2 rdacontenido 
337 |a sin mediación  |b n  |2 rdamedio 
338 |a volumen  |b nc  |2 rdasoporte 
561 |a Obra autografiada por el autor para Carlos Núñez Hurtado 
649 |a XX 
650 |a Indígenas 
650 |a Problemas Sociales 
650 |a Política -  |z América -  |x Historia -  |y Siglo XX 
650 |a Economía -  |z América -  |x Historia -  |y Siglo XX 
650 |a Geografía -  |z América 
650 |a México -  |x Descripción 
650 |a América -  |x Descripción -  |x Tema Principal 
650 |a América -  |x Historia -  |x Tema Principal 
650 |a América -  |x Estadísticas 
910 |a Fondo Carlos Núñez Hurtado 
920 |a Impresos - Libros 
930 |a Fondos Especiales 
905 |a 117 
901 |a 0500296274  |b IT2  |c ESP  |i d80167  |u 20250521 
902 |a https://opac.biblio.iteso.mx/vufind/Record/000400858